01066 2200277 4500001002100000005001500021035002000036090000800056020002200064100001700086650002000103245007500123264002400198008004100222082001000263084001900273250001700292260004700309300004100356700002400397520029900421990001800720990001800738990001600756990001600772INLIS00000000003168520230109104520 a0010-0619031685 36.5 a978-602-51556-8-00 aAlzeda Resti 4aBudi daya Bebek1 aPeluang kaya dari budi daya bebek /cAlzeda Resti; editor, Nur Iswarso ijaz Pustaka Mandiri230109 g 0 ind  a636.5 aSR 636.5 ALZ p aCetakan 2022 aYogyakarta :bHijaz Pustaka Mandiri,c2022 aiv, 84 halaman :bilustrasi ;c21 cm0 aNur Iswarsoeeditor aBuku ini memberikan penjelasan kepada Anda tentang bagaimana membenihkan dan membudidayakan bebek dengan mudah dan sukses. Ditulis dengan bahasa yang mudah dan gambling, dilengkapi dengan ilustrasi foto buku ini akan menjadi pemandu Anda dalam mengembangkan budidaya hewan yang menjanjikan ini. a036436.043505 a036436.043506 a51526.64346 a51527.64347